| 000 | 00000nam##2200000za#4500 |
| 001 | 9.632949 |
| 003 | CaOODSP |
| 005 | 20210624215103 |
| 007 | cr ||||||||||| |
| 008 | 150407|1999||||xxc|||||o f|0| 0 fre|d |
| 040 | |aCaOODSP|bfre |
| 043 | |an-cn--- |
| 086 | 1 |aSW21-37/1999F-PDF |
| 110 | 1 |aCanada. |bCondition féminine Canada. |
| 245 | 10|aGuide des programmes et des services du gouvernement fédéral à l'intention des femmes, 1999-2000 |h[ressource électronique] |
| 260 | |aOttawa - Ontario : |bCondition féminine Canada |c1999. |
| 300 | |a135p.|bill. en couleur, photographies, index |
| 500 | |a>--Page iii. |
| 590 | |a06-10-Supp|b2006-12-15 |
| 691 | 07|aFemme|2gcpds |
| 691 | 07|aProgramme fédéral|2gcpds |
| 691 | 07|aServices gouvernementaux|2gcpds |
| 775 | 08|tGuide to federal government, programs and services for women, 1999-2000 |w(CaOODSP)9.688523 |
| 776 | 0#|tGuide des programmes et des services du gouvernement fédéral à l'intention des femmes, 1999-2000 |w(CaOODSP)9.680781 |
| 856 | 40|ahttp://publications.gc.ca|qPDF|s321 Ko|uhttps://publications.gc.ca/collections/Collection/SW21-37-1999F-2.pdf |
| 856 | 40|ahttp://publications.gc.ca|qPDF|s36 Ko|uhttps://publications.gc.ca/collections/Collection/SW21-37-1999F-3.pdf |
| 856 | 40|ahttp://publications.gc.ca|qPDF|s280 Ko|uhttps://publications.gc.ca/collections/Collection/SW21-37-1999F-4.pdf |
| 856 | 40|ahttp://publications.gc.ca|qPDF|s259 Ko|uhttps://publications.gc.ca/collections/Collection/SW21-37-1999F-5.pdf |
| 856 | 40|ahttp://publications.gc.ca|qPDF|s250 Ko|uhttps://publications.gc.ca/collections/Collection/SW21-37-1999F-6.pdf |
| 856 | 40|ahttp://publications.gc.ca|qPDF|s269 Ko|uhttps://publications.gc.ca/collections/Collection/SW21-37-1999F-7.pdf |
| 856 | 40|ahttp://publications.gc.ca|qPDF|s58 Ko|uhttps://publications.gc.ca/collections/Collection/SW21-37-1999F-8.pdf |
| 856 | 40|ahttp://publications.gc.ca|qPDF|s436 Ko|uhttps://publications.gc.ca/collections/Collection/SW21-37-1999F-1.pdf |